Movies Quiz

Random Movies or Quote Quiz
Score 0/20 Timer 05:00
4 Plays Today
% Correct
The Sandlot
72.9%
Monty Python and the Holy Grail
71.5%
Aladdin
70.5%
Star Wars: Episode V - The Empire Strikes Back
59.7%
Clueless
54.8%
Toy Story
52.6%
Anchorman: The Legend of Ron Burgundy
52.5%
The Wizard of Oz
51.7%
Harry Potter and the Prisoner of Azkaban
49.7%
The Princess Bride
48.8%
% Correct
Billy Madison
46.4%
Roxanne
43.9%
The Breakfast Club
43.4%
O Brother, Where Art Thou?
37.6%
True Grit
37.2%
Uncle Buck
36.7%
A Fish Called Wanda
32.8%
The Hangover
32.3%
Nine to Five
29.3%
Bridesmaids
27.9%
Remove Ads.
Support Sporcle.
Get the best of Sporcle when you Go Orange. This ad-free experience offers more features, more stats, and more fun while also helping to support Sporcle. Thank you for becoming a member.

You're not logged in!

Compare scores with friends on all Sporcle quizzes.
OR
Log In

Show Comments

Extras

Top Quizzes Today


Score Distribution

Your Account Isn't Verified!

In order to create a playlist on Sporcle, you need to verify the email address you used during registration. Go to your Sporcle Settings to finish the process.

Report this User

Report this user for behavior that violates our Community Guidelines.

Details: